000 00208 a2200097 4500
001 47366
100 _aSaundby R
245 _aAir bombardment
260 _aLondon
_bChatto & windus
_c
090 _c30401
_d30401
942 _aNUST-CAE
_cM
_c22672
999 _c282439
_d282439